On This Day: February 27th II Quiz Stats

 Plays Quiz Updated Feb 27, 2018

Score 0/7 Timer 03:00
0 Plays Today
Question Answer Wrong Answers
This American journalist and author, known for works such as ‘East of Eden’ and ‘Of Mice and Men’, is born.
1902
John Steinbeck
87.8%
Ernest Hemingway
6%
J. D. Salinger
4.3%
Jack Kerouac
1%
Britain and France recognize the ______ government in Spain.
1938
Franco
83.2%
Mussolini
7.2%
Carlos
4%
Rivera
4.1%
At 16 years old, this man becomes the youngest golfer to play in a PGA tour in 35 years.
1992
Tiger Woods
79.9%
Phil Mickelson
6%
Jordan Spieth
4.9%
Rory McIlroy
6.7%
This former Spanish territory, under the auspices of the Polisario Front, declares independence as the Sahrawi Arab Democratic Republic.
1976
Western Sahara
66.5%
Ceuta
9%
Guam
16.3%
Llívia
5.9%
Troops fire on a crowd in Warsaw protesting against ______ rule over Poland, killing five protesters.
1861
Russian
65.6%
British
2.2%
French
2.3%
German
29.9%
In South Africa, British military leaders receive an unconditional notice of surrender from General Piet Cronjé at the Battle of Paardeberg, sinking ______ morale.
1900
Boer
64%
Khoikhoi
1.4%
Zulu
27.5%
Bantu
6.8%
This nation receives its first democratically elected president, Juan Bosch, since the end of the dictatorship led by Rafael Trujillo.
1963
Dominican Republic
37.4%
Cuba
6.8%
Costa Rica
14.5%
Nicaragua
39.3%

You're not logged in!

Compare scores with friends on all Sporcle quizzes.
OR
Log In

Sporcle TV

Today on Sporcle TV


Watch our educational content, quiz creation guides, and fun videos on Sporcle TV.

Show Comments

Extras

Top Quizzes Today


Score Distribution

Your Account Isn't Verified!

In order to create a playlist on Sporcle, you need to verify the email address you used during registration. Go to your Sporcle Settings to finish the process.

Report this User

Report this user for behavior that violates our Community Guidelines.

Details: